00421pam a2200121 a 4500020002400000040000800024082002600032100002500058245011600083260005100199300002900250500002000279 a0962813753 (pbk.) : cDLC00a915 STO 1992 A104 Or.1 aNorthup, Charles H.,14aThe Japan vacation planner :bhow to be your own tour guide, spend less, enjoy more, and go anywhere you want / aBerkeley, Calif. :bStone Bridge Press,c1992. a168 p. :bill. ;c24 cm. aIncludes index.